000 00941nam a2200241 a 4500
001 BRCA_6902
005 20190320205632.0
008 151111s1914----ja-abo####---#000-0#eng-#
041 _aeng
044 _aja
050 4 _aDS504
_b.I6 1914
245 1 0 _aAn Official guide to Eastern Asia
_btrans-continental connections between Europe and Asia, Vol III North-eastern Japan.
260 _aTokio, Japón
_bThe Imperial Japanese Goverment Railways
_c1914
300 _ax, 488 p.
_bil. (algunas a color), mapas, fotografías
_c16 cm.
500 _aLa biblioteca cuenta solo con el v.3 de 4 v.
500 _aL162
650 1 4 _aLíneas Férreas
_zAsia Oriental
_917187
651 4 _aAsia Oriental
_vGuía de viajeros
_xDescripción y viajes
_917188
651 4 _aManchuria (China)
_vGuía de viajeros
_xDescripción y viajes
_917189
651 4 _aCorea del Sur
_vGuía de viajeros
_xDescripción y viajes
_917190
902 _aGFM
942 _2lcc
_cB
999 _c6584
_d6584